000 00739nam a2200241Ia 4500
003 OSt
005 20220928123948.0
006 a|||||r|||| 00| 0
007 ta
008 220927b |||||||| |||| 00| 0 eng d
024 _a43285
037 _cTextual
040 _aSDCL
_cSDCL
_beng
041 _2eng
_aeng
082 _aX65:515, N5
100 _aLederman Jess Ed.
_9462679
245 0 _aHedge funds
_b Investment and portfolio strategies for the institutional investor.
260 _aNew York
_b Professsional Publishing
_c1995
300 _axv,283p
_ccm.
700 _a Klein Robert A Ed.
_9462680
942 _hX65:515, N5
_cTEXL
_2CC
999 _c775642
_d775642